000 00718nam a22002057a 4500
005 20251108165413.0
008 250721s1991 xx 000 0 ara d
082 1 4 _aم/370.956/عدن
100 1 _aباحارث، عدنان حسن صالح
_eمعد
245 1 0 _aمسؤولية الأب المسلم في تربية الولد في مرحلة الطفولة /
250 _aط4
264 1 _aجده :
_bدار المجتمع للنشر و التوزيع،
_c1991.
300 _a657ص
500 _aرسالة ماجستير ، جامعة أم القرى ، 1989
650 1 7 _aالتربية الإسلامية
650 1 7 _aالتربية
650 1 7 _aالإسلام
942 _2ddc
_cREF
999 _c27089
_d27089